<?xml version="1.0" encoding="UTF-8"?>
<record
    xmlns:xsi="http://www.w3.org/2001/XMLSchema-instance"
    xsi:schemaLocation="http://www.loc.gov/MARC21/slim http://www.loc.gov/standards/marcxml/schema/MARC21slim.xsd"
    xmlns="http://www.loc.gov/MARC21/slim">

  <leader>03579nam a22003017a 4500</leader>
  <controlfield tag="005">20230609144320.0</controlfield>
  <controlfield tag="008">230609b           ||||| |||| 00| 0 eng d</controlfield>
  <datafield tag="020" ind1=" " ind2=" ">
    <subfield code="a">0199456550</subfield>
  </datafield>
  <datafield tag="040" ind1=" " ind2=" ">
    <subfield code="c">AL</subfield>
  </datafield>
  <datafield tag="041" ind1=" " ind2=" ">
    <subfield code="a">eng</subfield>
  </datafield>
  <datafield tag="082" ind1=" " ind2=" ">
    <subfield code="2">23</subfield>
    <subfield code="a">331</subfield>
    <subfield code="b">RATI</subfield>
  </datafield>
  <datafield tag="100" ind1=" " ind2=" ">
    <subfield code="a">C S Venkata Ratnam</subfield>
    <subfield code="9">123361</subfield>
  </datafield>
  <datafield tag="100" ind1=" " ind2=" ">
    <subfield code="d">Manoranjan Dhal</subfield>
    <subfield code="9">123356</subfield>
  </datafield>
  <datafield tag="245" ind1=" " ind2=" ">
    <subfield code="a">Industrial Relations </subfield>
  </datafield>
  <datafield tag="250" ind1=" " ind2=" ">
    <subfield code="a">2</subfield>
  </datafield>
  <datafield tag="260" ind1=" " ind2=" ">
    <subfield code="a">New Delhi</subfield>
    <subfield code="b">Oxford University News</subfield>
    <subfield code="c">2018</subfield>
  </datafield>
  <datafield tag="300" ind1=" " ind2=" ">
    <subfield code="a">xiv,592p.</subfield>
    <subfield code="b">PB</subfield>
    <subfield code="c">24x18cm.</subfield>
  </datafield>
  <datafield tag="365" ind1=" " ind2=" ">
    <subfield code="2">Economics</subfield>
    <subfield code="b">675.00</subfield>
    <subfield code="c">&#x20B9;</subfield>
    <subfield code="d">675.00</subfield>
  </datafield>
  <datafield tag="520" ind1=" " ind2=" ">
    <subfield code="a">Praise for the First EditionPrescribed read for those at both ends of IR! &#x2013; The Hindu Business LineDescriptionThe second edition of the well-accepted title Industrial Relations continues to provide a comprehensive coverage of the various aspects of industrial relations: conceptual foundations, institutional structure and policy framework, role of the government and trade unions.The book introduces readers to the various approaches to industrial relations and goes on to discuss trade unions, collective bargaining and tripartism. It goes on to highlight the importance of dispute resolution, labour administration, grievance handling and the management of industrial relations. Key Features&#x2022;A comprehensive title that integrates all aspects of industrial relations&#x2022;Includes case studies and exhibits to illustrate the theory discussed in the chaptersNew to This Edition&#x2022;Sections on the crisis in industrial relations, emerging dynamics in industrial relations, origin of trade unions and developments during post-recession era, international trade unions, detailed coverage on Employee Compensation Act, 1923, Employees&#x2019; State Insurance (ESI) Act, 1948, Factories Act, 1948, Kerala Recognition of Trade Union Act, 2010, Indian Labour Conference, minimum wages and more&#x2022;Updated and revised data and latest amendment to labour laws&#x2022;Additional sections on labour laws in the online resource centreOnline ResourcesStudents&#x2022; Flashcard glossary&#x2022; Bonus chapters&#x2022; New sections on labour lawsInstructors&#x2022; Lecture PPTs&#x2022; Bonus chapters&#x2022; New sections on labour laws&#x2022; Multiple choice questionsTable of ContentsPreface to the Second Edition Preface to the First Edition 1. Economy and the Labour Force in India 2. Approaches to Industrial Relations 3. Industrial Relations in a Comparative Framework 4. Management and Employers&#x2019; Organizations 5. Trade Unions&#x2014;Theoretical Foundations and Legal Framework6. Trade Union Structures 7. Management of Trade Unions in India 8. Collective Bargaining 9. Tripartism and Social Dialogue 10. The Role of Government in Industrial Relations 11. The Contract of Employment 12. Public Policy and Wage and Reward Systems 13. Working Conditions, Safety, Health and Environment 14. Dispute Resolution and Industrial Harmony 15. Labour Administration 16. Social Security 17. Issues in Labour Policy and Labour Law Reform 18. Employee Participation and Labour&#x2013;Management Cooperation 19. Grievances and Discipline Handling 20. Employment Security and Management of Redundancies 21. Technological Change and Industrial Relations 22. Management of Industrial Relations 23. Human Resource Management and Industrial Relations.</subfield>
  </datafield>
  <datafield tag="650" ind1=" " ind2=" ">
    <subfield code="a">Economy and the Labour Force in India</subfield>
    <subfield code="9">123357</subfield>
  </datafield>
  <datafield tag="650" ind1=" " ind2=" ">
    <subfield code="a">Trade Unions</subfield>
    <subfield code="9">123362</subfield>
  </datafield>
  <datafield tag="650" ind1=" " ind2=" ">
    <subfield code="a">Social Security</subfield>
    <subfield code="9">123363</subfield>
  </datafield>
  <datafield tag="650" ind1=" " ind2=" ">
    <subfield code="a">Management and Employers Organizations</subfield>
    <subfield code="9">123364</subfield>
  </datafield>
  <datafield tag="650" ind1=" " ind2=" ">
    <subfield code="a">Resoultion and Industrial Harmony</subfield>
    <subfield code="9">123365</subfield>
  </datafield>
  <datafield tag="700" ind1=" " ind2=" ">
    <subfield code="a">RATNAM (C S Venkata)</subfield>
    <subfield code="9">123359</subfield>
  </datafield>
  <datafield tag="700" ind1=" " ind2=" ">
    <subfield code="a">DHAL (Manoranjan)</subfield>
    <subfield code="9">123360</subfield>
  </datafield>
  <datafield tag="942" ind1=" " ind2=" ">
    <subfield code="2">ddc</subfield>
    <subfield code="c">DB</subfield>
  </datafield>
  <datafield tag="999" ind1=" " ind2=" ">
    <subfield code="c">227474</subfield>
    <subfield code="d">227474</subfield>
  </datafield>
  <datafield tag="952" ind1=" " ind2=" ">
    <subfield code="0">0</subfield>
    <subfield code="1">0</subfield>
    <subfield code="2">ddc</subfield>
    <subfield code="4">0</subfield>
    <subfield code="7">0</subfield>
    <subfield code="8">ECO</subfield>
    <subfield code="a">AL</subfield>
    <subfield code="b">AL</subfield>
    <subfield code="d">2023-06-07</subfield>
    <subfield code="l">1</subfield>
    <subfield code="o">331 RATI</subfield>
    <subfield code="p">D05718</subfield>
    <subfield code="r">2024-08-05 00:00:00</subfield>
    <subfield code="s">2024-07-25</subfield>
    <subfield code="v">675.00</subfield>
    <subfield code="w">2023-06-09</subfield>
    <subfield code="y">DB</subfield>
    <subfield code="z">Donated by Tanisha Arouza Pai</subfield>
  </datafield>
</record>
